[Event "GER-ch Net blitz qual2"]
[Site "Playchess.com INT"]
[Date "2020.03.16"]
[Round "7"]
[White "Marmann, Jan"]
[Black "Monninger, Moritz Franz"]
[Result "0-1"]
[WhiteElo "1588"]
[BlackElo "2022"]
[PlyCount "94"]
[EventDate "2020.03.16"]
[EventType "swiss (blitz)"]
[EventRounds "9"]
[EventCountry "GER"]
[SourceTitle "CBM 195 Extra"]
[Source "ChessBase"]
[SourceDate "2020.05.31"]
[SourceVersion "1"]
[SourceVersionDate "2020.05.31"]
[SourceQuality "1"]

1. e4 e6 2. d4 d5 3. exd5 exd5 4. c4 Nf6 5. Nc3 Bb4 6. Nf3 0-0 7. a3 Re8+ 8. Be2 Bxc3+ 9. bxc3 dxc4 10. a4 Be6 11. 0-0 c5 12. dxc5 Nc6 13. Be3 Ng4 14. Bd4 Bd5 15. h3 Nge5 16. Nxe5 Nxe5 17. f4 Nc6 18. Bf3 Nxd4 19. cxd4 Re3 20. Qc1 Rd3 21. Qc2 Bxf3 22. Rxf3 Qxd4+ 23. Kh2 Rxf3 24. gxf3 Qxa1 25. Qxc4 Qb2+ 26. Kg3 h6 27. Qd3 Qf6 28. Qd7 Rd8 29. Qxb7 Rd2 30. Qa8+ Kh7 31. Qe4+ Qg6+ 32. Kh4 Qxe4 33. fxe4 Rc2 34. c6 Rxc6 35. Kg4 Rc4 36. f5 Rxe4+ 37. Kf3 Rxa4 38. Ke3 g5 39. f6 h5 40. Kf2 g4 41. h4 Kg6 42. Kg3 Kf5 43. Kg2 Kf4 44. Kh2 Ra2+ 45. Kg1 Kf3 46. Kh1 g3 47. Kg1 Ra1# 0-1

[Event "GER-ch Net blitz qual1"]
[Site "Playchess.com INT"]
[Date "2020.03.07"]
[Round "3"]
[White "Noack, Mario"]
[Black "Marmann, Jan"]
[Result "1-0"]
[WhiteElo "2111"]
[BlackElo "1588"]
[PlyCount "133"]
[EventDate "2020.03.07"]
[EventType "swiss (blitz)"]
[EventRounds "9"]
[EventCountry "GER"]
[SourceTitle "CBM 195 Extra"]
[Source "ChessBase"]
[SourceDate "2020.05.31"]
[SourceVersion "1"]
[SourceVersionDate "2020.05.31"]
[SourceQuality "1"]

1. c4 c5 2. g3 Nc6 3. Bg2 g6 4. Nc3 Bg7 5. Nf3 e6 6. d3 Nf6 7. e4 b6 8. 0-0 Bb7 9. h3 0-0 10. Be3 Qc7 11. Rb1 h6 12. a3 Rad8 13. Nb5 Qb8 14. Bf4 Qa8 15. Nd6 Ne8 16. Nxb7 Qxb7 17. Qd2 d6 18. Bxh6 Ne7 19. Bxg7 Kxg7 20. Qc3+ e5 21. Qd2 Nf6 22. Qe3 Rh8 23. h4 Qd7 24. Kh2 Neg8 25. Bh3 Qe7 26. Kg2 Nh6 27. Nh2 Rdg8 28. f4 Kf8 29. f5 gxf5 30. Bxf5 Nfg4 31. Nxg4 Nxg4 32. Bxg4 Rxg4 33. Qf3 Rhxh4 34. Rh1 Rxh1 35. Rxh1 Rg8 36. Qf5 Qg5 37. Qxg5 Rxg5 38. Rh8+ Ke7 39. Ra8 f5 40. exf5 Kf6 41. Rxa7 Kxf5 42. Rb7 e4 43. dxe4+ Kxe4 44. Rxb6 Rg6 45. b4 Kd4 46. bxc5 Kxc5 47. Rb4 Rg4 48. Kf3 Rxc4 49. Rxc4+ Kxc4 50. g4 d5 51. Ke2 d4 52. Kd2 Kd5 53. a4 Kc6 54. g5 Kd7 55. a5 Ke7 56. a6 Kf7 57. a7 Kg6 58. a8Q Kxg5 59. Qe4 Kf6 60. Kd3 Kg7 61. Kxd4 Kf6 62. Qe5+ Kf7 63. Qd6 Kg7 64. Ke5 Kg8 65. Qd7 Kh8 66. Kf6 Kg8 67. Qg7# 1-0